| 000 | 00345nam a22001217a 4500 | ||
|---|---|---|---|
| 082 |
_a344 _bALI |
||
| 100 | _aAli, Wajahat | ||
| 245 |
_aManual of Firearms with Practical Approach / _cWajahat Ali and Iram Shahzadi |
||
| 260 |
_aLahore : _bIrfan Law Book House, _c2020. |
||
| 300 |
_a599 p. ; _c24 cm. |
||
| 563 | _aHBK. | ||
| 942 |
_2ddc _cBK |
||
| 999 |
_c592427 _d592427 |
||